The ultimate encyclopedia of cats cat breeds & cat care

Bibliographic Details
Main Author: Edwards, Alan
Format: Book
Published: London : Hermes House Publishers , 1997
Subjects:

MARC

LEADER 00000cam a2200000 7i4500
001 0000028295
005 20091125.0
008 091125
020 |a 1843092255 
090 0 0 |a 636.8   |b EDW 
100 1 |a Edwards, Alan 
245 1 0 |a The ultimate encyclopedia of cats cat breeds & cat care   |c Alan Edwards 
260 |a London :   |b Hermes House Publishers ,   |c 1997 
650 0 |a Cat breeds   |x encyclopedias 
650 0 |a Cats   |x encyclopedias 
999 |a 0001060130   |b Book   |c Adult Collection   |e Perbadanan Perpustakaan Awam Johor